LEADER 00985nam0-22003611--450- 001 990009377540403321 005 20111013125249.0 035 $a000937754 035 $aFED01000937754 035 $a(Aleph)000937754FED01 035 $a000937754 100 $a20110614d1957----km-y0itay50------ba 101 0 $aita 102 $aIT 105 $a--------001yy 200 1 $aAnatomia e fisiologia dell'uomo$fAngelo Cesare Bruni, Filippo Usuelli 205 $aRist. agg. alla 1. ed. 210 $aMilano$cAmbrosiana$d1957 215 $aXVI, 1043 p.$cill.$d25 cm 610 0 $aAnatomia 610 0 $aFisiologia 676 $a612 700 1$aBruni,$bAngelo Cesare$077205 701 1$aUsuelli,$bFilippo$073786 801 0$aIT$bUNINA$gRICA$2UNIMARC 901 $aBK 912 $a990009377540403321 952 $aIIIa C 134$bs.i.$fDMVSF 952 $aB18$b8221$fDMVCC 959 $aDMVSF 959 $aDMVCC 996 $aAnatomia e fisiologia dell'uomo$9763509 997 $aUNINA LEADER 01101nam1-22003611n-450- 001 990001117060203316 005 20050429100808.0 035 $a000111706 035 $aUSA01000111706 035 $a(ALEPH)000111706USA01 035 $a000111706 100 $a20021217-1986----m||y0itay0103----ba 101 0 $aita 102 $aIT 200 1 $aGiovanni Pastore$egli anni d'oro del cinema a Torino$ga cura di Cherchi Usai 210 $aTorino$cUTET$d1986 215 $a143 p.$cill.$d24 cm 300 $aIn testa al front. : Strenna UTET 600 1$aPastore,$bGiovanni 606 0 $aCinematografo$yTorino$z1907-1923 676 $a791.430230924 701 1$aCHERCHI,$bUsai$0554564 801 0$aIT$bsalbc$gISBD 912 $a990001117060203316 951 $aXIII.2. 1156(XVI I 84)$b139303 LM$cXVI I$d00084509 959 $aBK 969 $aUMA 979 $aRENATO$b10$c20021217$lUSA01$h1032 979 $aANGELA$b90$c20021217$lUSA01$h1601 979 $aPATRY$b90$c20040406$lUSA01$h1717 979 $aCOPAT3$b90$c20050429$lUSA01$h1008 996 $aGiovanni Pastore$9981569 997 $aUNISA